000 00343nam a2200145 i 4500
001 bg
100 1 _aDYSZYŃSKI, Jan
245 0 _aLaboratorium miernictwa elektrycznego /
_cJ. Dyszyński.
260 _aRzeszów,
_c1970.
040 _cBPK
041 _apol
080 _a621.317
942 _cKS
008 s pl f |000 0 pol
999 _c10579
_d10579
856 _uhttp://koha.tu.koszalin.pl/cgi-bin/koha/opac-detail.pl?biblionumber=10579
_yKatalog online BPK